| 000 | 00000nam##2200000za#4500 |
| 001 | 9.697396 |
| 003 | CaOODSP |
| 005 | 20210624235448 |
| 007 | cr ||||||||||| |
| 008 | 150407|1967||||xxc|||||o f|0| 0 eng|d |
| 040 | |aCaOODSP|beng |
| 043 | |an-cn--- |
| 086 | 1 |aA43-1313/1967E-PDF |
| 110 | 1 |aCanada.|bAgriculture Canada.|bResearch Branch. |
| 245 | 10|aDomestication of alfalfa leaf-cutter bees / |h[electronic resource]|c[by] G.A. Hobbs, Research Station, Lethbridge, Alberta. |
| 260 | |aOttawa - Ontario : |bAgriculture Canada. |c1967. |
| 300 | |a20p.|bfigs., map, photographs |
| 500 | |aHistorical publication digitized by Agriculture and Agri-Food Canada. "First printed as Importing and Managing the Alfalfa Leaf-cutter Bee, Publication 1209, 1965; revised as Publication 1313, 1967"--p.20 of 20. |
| 590 | |a13-17-Supp|b2013-07-25 |
| 690 | 07|aBeekeeping|2gcpds |
| 856 | 40|ahttp://publications.gc.ca|qPDF|s1.42 MB|uhttps://publications.gc.ca/collections/collection_2013/aac-aafc/agrhist/A43-1313-1967-eng.pdf |
| 986 | |a1313 |